000 01184nmm a2200349 a 4500
001 ocm0001864657
003 TR-IsHL
005 20201028172148.0
008 180412s2016 tu tur
007 cr cn
020 _a9786051512099
035 _a1864657
_b(N$T)
050 0 4 _aHF5429
_b.T67 2016
090 0 4 _aHF5429
_b.T67 2016
100 1 _aTopaloğlu, Servet
245 1 0 _aPerakendede liderlik: perakendede dirliği kaybetmeden irileşmek
_h[electronic resource] /
_cServet Topaloğlu
260 _aİstanbul :
_bHayat Yayınları,
_c2016
300 _a273 p.
500 _aDizin var.
_x
650 4 _aİşletme ve Yönetim
650 4 _aBusiness Management
650 0 _aPerakende ticaret
_x Türkiye
650 0 _aRetail trade
_x Turkey
650 0 _aAlışveriş merkezleri
_x Yönetim
650 0 _aShopping centers
_x Management
650 0 _aMağazalar, Perakende
650 0 _aStores, Retail
650 0 _aMağaza donatımları
650 0 _aStore fixtures
650 7 _aBUSINESS & ECONOMICS / Industries / Retailing
_2bisacsh
856 4 0 _uhttp://search.ebscohost.com/login.aspx?direct=true&scope=site&db=e011xww&AN=1864657
999 _c17062
_d17062